01360na a2200313 450000100060000000300080000600500170001400800410003103500100007204000250008204100080010708200300011510000460014524501340019124600460032526000690037130000190044044000630045961000460052265000710056865000570063965000530069665700630074970000430081270000410085571000730089674000570096983000200102614748MIRAKIL20181213154846.0161019b tu 000 0  a14748 aMilasbturcTR-AnCHP atur aCHP 323.445bD35t [2015?] aDemir, NurettincCHP Muğla Milletvekili aTutuklu gazeteciler raporubDünyanın en büyük gazeteci cezaevi bTürkiyecNurettin Demir, Veli Ağbaba,Özgür Özel aDünyanın en büyük gazeteci cezaevi aAnkarabCHP Cezaevleri İnceleme ve İzleme Komisyonuc[2015?] a131 s.c28 sm. aCHP Cezaevleri İnceleme ve İzleme Komisyonu pRaporlar aCHPxBasın özgürlüğüyRaporlar aGazeteciler ve gazetecilikxTutuklu ve hükümlülerzTürkiye aBasın özgürlüğüxHak ihlallerizTürkiye aSiyasal hükümlülerxGazetecilerzTürkiye aCHP Cezaevleri İnceleme ve İzleme Komisyonu raporları aÖzel, ÖzgürcManisa Milletvekili aAğbaba, VelicMalatya Milletvekili aCumhuriyet Halk PartisibCezaevleri İnceleme ve İzleme Komisyonu aDünyanın en büyük gazeteci cezaevipTürkiye aCHP yayınları